000 00702nam a2200301Ia 4500
001 186
008 191123s9999 xx 000 0 und d
041 _aeng
041 _aspa
044 _aag
100 _aSessa, Aldo,
245 0 _aTucumán.
260 _aSan Miguel de Tucumán :
_bLa Gaceta de Tucumán,
_c1982.
300 _a119 p.
_bfotos color
500 _aSelección de textos e introducción por Carlos Paez de la Torre
650 _aFOTOGRAFIAS
650 _aSESSA, ALDO,
650 _aTUCUMAN
902 _aM
903 _am
904 _am
907 _aImpreso
911 _afotos color
912 _a1982
942 _cLIBRO
999 _c145
_d145
550 _afotos color